Cap a una proposta d'actuació municipal en el camp de la formació professional / Francesc Peralta, Daniel Resines
Descripción Física:
70 p. ; 24 cm
Colección:
Temes d'educació ; 5
Otros Autores:
Resines, Daniel
Materias:
Formació professional
MARC
| LEADER | 00000nam a2200000Ia 4500 | ||
|---|---|---|---|
| 001 | 10216 | ||
| 008 | 160829s1993 xx 000 0 cat d | ||
| 080 | |a E-1-63 | ||
| 100 | |a Peralta, Francesc |9 186 | ||
| 245 | |a Cap a una proposta d'actuació municipal en el camp de la formació professional / Francesc Peralta, Daniel Resines | ||
| 260 | |a Barcelona : |b Diputació de Barcelona. Àrea d'Educació, |c 1993 | ||
| 300 | |a 70 p. ; |c 24 cm | ||
| 490 | |a Temes d'educació ; 5 | ||
| 650 | |a Formació professional |9 38621 | ||
| 700 | |a Resines, Daniel |9 3167 | ||
| 710 | |a Barcelona (Catalunya : Província). |b Àrea d'Educació |9 8009 | ||
| 901 | |a Arxiu | ||
| 942 | |n 1 | ||
| 952 | |0 0 |1 0 |4 0 |6 E163 |7 1 |9 45036 |a Arxiu |b Arxiu |d 2016-12-01 |l 0 |o E-1-63 |p 10216 |r 2016-12-01 00:00:00 |w 2016-12-01 |y ARXIU | ||
| 999 | |c 47656 |d 47656 | ||